000 00340nam a2200157Ia 4500
003 OSt
008 191201s2010 xx 000 0 und d
082 _a658.804
_bGHI
100 _aGHOSE,PK
245 0 _aIndustrial Marketing
250 _a9th IMP
260 _aN. Delhi
_bOxford
_c2010
300 _a568
650 _aMBA
942 _2ddc
_cBK
999 _c4810
_d4810